[Event "Deutsche Ländermeisterschaft 2023"]
[Site "Hannover GER"]
[Date "2023.10.03"]
[Round "5"]
[White "Haubold, Sebastian"]
[Black "Hinrichs, Paul"]
[Result "1-0"]
[Termination "normal"]
[Board "5.1"]
[WhiteElo "2158"]
[BlackElo "2231"]
[WhiteClock "00:05:22"]
[BlackClock "01:10:33"]
[WhiteTeam "Sachsen-Anhalt"]
[BlackTeam "Rheinland-Pfalz"]
[PlyCount "97"]
[WhiteFideId "16259637"]
[BlackFideId "12942545"]
[EventCountry "GER"]
[EventRounds "7"]
[EventType "team-swiss"]
[EventDate "2023.09.30"]

1. e4 {[%clk 01:30:42]} {[%emt 00:00:17]} e5 {[%clk 01:30:49]} {[%emt
00:00:11]} 2. Nf3 {[%clk 01:30:55]} {[%emt 00:00:18]} Nc6 {[%clk 01:31:11]}
{[%emt 00:00:07]} 3. Bb5 {[%clk 01:31:16]} {[%emt 00:00:09]} a6 {[%clk
01:31:36]} {[%emt 00:00:06]} 4. Ba4 {[%clk 01:31:42]} {[%emt 00:00:03]} Nf6
{[%clk 01:31:50]} {[%emt 00:00:16]} 5. O-O {[%clk 01:31:41]} {[%emt 00:00:31]}
Be7 {[%clk 01:32:15]} {[%emt 00:00:05]} 6. Re1 {[%clk 01:32:05]} {[%emt
00:00:06]} b5 {[%clk 01:32:31]} {[%emt 00:00:14]} 7. Bb3 {[%clk 01:32:30]}
{[%emt 00:00:05]} d6 {[%clk 01:32:56]} {[%emt 00:00:05]} 8. a4 {[%clk
01:32:53]} {[%emt 00:00:07]} Bd7 {[%clk 01:32:13]} {[%emt 00:01:14]} 9. c3
{[%clk 01:24:42]} {[%emt 00:08:40]} O-O {[%clk 01:32:26]} {[%emt 00:00:17]} 10.
d3 {[%clk 01:23:04]} {[%emt 00:02:09]} Na5 {[%clk 01:31:34]} {[%emt 00:01:21]}
11. Bc2 {[%clk 01:21:19]} {[%emt 00:02:14]} c5 {[%clk 01:31:56]} {[%emt
00:00:08]} 12. Nbd2 {[%clk 01:16:33]} {[%emt 00:05:16]} Re8 {[%clk 01:31:48]}
{[%emt 00:00:38]} 13. Nf1 {[%clk 01:13:55]} {[%emt 00:03:07]} h6 {[%clk
01:32:01]} {[%emt 00:00:18]} 14. Ng3 {[%clk 01:08:18]} {[%emt 00:06:06]} Bf8
{[%clk 01:30:57]} {[%emt 00:01:35]} 15. h3 {[%clk 01:04:08]} {[%emt 00:04:40]}
Qc7 {[%clk 01:29:42]} {[%emt 00:01:45]} 16. Bd2 {[%clk 01:00:19]} {[%emt
00:04:20]} Nc6 {[%clk 01:26:12]} {[%emt 00:03:58]} 17. Nh4 {[%clk 00:56:12]}
{[%emt 00:04:37]} d5 {[%clk 01:24:47]} {[%emt 00:01:56]} 18. Qf3 {[%clk
00:53:17]} {[%emt 00:03:24]} dxe4 {[%clk 01:23:47]} {[%emt 00:01:30]} 19. dxe4
{[%clk 00:51:28]} {[%emt 00:02:19]} Nh7 {[%clk 01:23:14]} {[%emt 00:01:03]} 20.
Nhf5 {[%clk 00:48:24]} {[%emt 00:03:33]} Rad8 {[%clk 01:23:13]} {[%emt
00:00:32]} 21. Be3 {[%clk 00:42:32]} {[%emt 00:06:21]} Be6 {[%clk 01:17:59]}
{[%emt 00:05:45]} 22. Qe2 {[%clk 00:25:22]} {[%emt 00:17:41]} c4 {[%clk
01:10:19]} {[%emt 00:08:10]} 23. axb5 {[%clk 00:23:35]} {[%emt 00:02:17]} axb5
{[%clk 01:10:45]} {[%emt 00:00:03]} 24. Ra6 {[%clk 00:23:28]} {[%emt 00:00:37]}
Ra8 {[%clk 01:07:52]} {[%emt 00:03:23]} 25. Rea1 {[%clk 00:17:21]} {[%emt
00:06:37]} Qb7 {[%clk 01:07:22]} {[%emt 00:01:01]} 26. Rxa8 {[%clk 00:16:34]}
{[%emt 00:01:16]} Rxa8 {[%clk 01:07:49]} {[%emt 00:00:03]} 27. Rxa8 {[%clk
00:16:05]} {[%emt 00:00:58]} Qxa8 {[%clk 01:08:17]} {[%emt 00:00:02]} 28. Qd1
{[%clk 00:12:58]} {[%emt 00:03:37]} b4 {[%clk 01:07:51]} {[%emt 00:00:56]} 29.
Ba4 {[%clk 00:10:08]} {[%emt 00:03:19]} Nf6 {[%clk 01:06:43]} {[%emt 00:01:38]}
30. Bxc6 {[%clk 00:09:17]} {[%emt 00:01:22]} Qxc6 {[%clk 01:07:06]} {[%emt
00:00:07]} 31. Qd8 {[%clk 00:09:00]} {[%emt 00:00:47]} Qd7 {[%clk 01:07:06]}
{[%emt 00:00:29]} 32. Qa5 {[%clk 00:08:19]} {[%emt 00:01:11]} Nxe4 {[%clk
01:04:37]} {[%emt 00:02:59]} 33. Nxh6+ {[%clk 00:06:44]} {[%emt 00:02:06]} gxh6
{[%clk 01:04:10]} {[%emt 00:00:57]} 34. Nxe4 {[%clk 00:07:09]} {[%emt
00:00:05]} Bg7 {[%clk 01:01:25]} {[%emt 00:03:15]} 35. cxb4 {[%clk 00:05:18]}
{[%emt 00:02:20]} f5 {[%clk 00:59:48]} {[%emt 00:02:07]} 36. Nc5 {[%clk
00:04:06]} {[%emt 00:01:42]} Qd1+ {[%clk 01:00:09]} {[%emt 00:00:10]} 37. Kh2
{[%clk 00:04:35]} {[%emt 00:00:01]} Bf7 {[%clk 01:00:19]} {[%emt 00:00:20]} 38.
Qa8+ {[%clk 00:04:42]} {[%emt 00:00:22]} Kh7 {[%clk 01:00:44]} {[%emt
00:00:05]} 39. Qa7 {[%clk 00:04:04]} {[%emt 00:01:07]} Qh5 {[%clk 00:56:43]}
{[%emt 00:04:32]} 40. b5 {[%clk 00:01:14]} {[%emt 00:03:19]} f4 {[%clk
00:54:42]} {[%emt 00:02:31]} 41. Bd2 {[%clk 00:29:57]} {[%emt 00:01:46]} Qg6
{[%clk 01:21:16]} {[%emt 00:03:58]} 42. Qb7 {[%clk 00:19:31]} {[%emt 00:10:55]}
e4 {[%clk 01:15:26]} {[%emt 00:06:21]} 43. Nxe4 {[%clk 00:17:23]} {[%emt
00:02:38]} Bxb2 {[%clk 01:15:27]} {[%emt 00:00:28]} 44. Bc3 {[%clk 00:15:16]}
{[%emt 00:02:38]} Bxc3 {[%clk 01:13:58]} {[%emt 00:01:59]} 45. Nxc3 {[%clk
00:15:37]} {[%emt 00:00:10]} Kg7 {[%clk 01:13:07]} {[%emt 00:01:21]} 46. b6
{[%clk 00:06:16]} {[%emt 00:09:49]} Qc2 {[%clk 01:11:54]} {[%emt 00:01:43]} 47.
Qc7 {[%clk 00:05:14]} {[%emt 00:01:32]} Qxf2 {[%clk 01:11:14]} {[%emt
00:01:10]} 48. Qe5+ {[%clk 00:05:22]} {[%emt 00:00:22]} Kg6 {[%clk 01:10:33]}
{[%emt 00:01:11]} 49. b7 {[%emt 00:00:39]} 1-0

[Event "Deutsche Ländermeisterschaft 2023"]
[Site "Hannover GER"]
[Date "2023.10.03"]
[Round "5"]
[White "Sidletskyi, Ivan"]
[Black "Pikalow, Michael"]
[Result "1-0"]
[Termination "normal"]
[Board "5.2"]
[WhiteTitle "FM"]
[WhiteElo "2354"]
[BlackElo "2035"]
[WhiteClock "00:31:18"]
[BlackClock "00:34:03"]
[WhiteTeam "Rheinland-Pfalz"]
[BlackTeam "Sachsen-Anhalt"]
[PlyCount "49"]
[WhiteFideId "14156024"]
[BlackFideId "16227638"]
[EventCountry "GER"]
[EventRounds "7"]
[EventType "team-swiss"]
[EventDate "2023.09.30"]

1. e4 {[%clk 01:30:14]} {[%emt 00:00:45]} c5 {[%clk 01:28:29]} {[%emt
00:02:31]} 2. Nf3 {[%clk 01:30:30]} {[%emt 00:00:14]} a6 {[%clk 01:28:47]}
{[%emt 00:00:13]} 3. c4 {[%clk 01:29:13]} {[%emt 00:01:46]} b6 {[%clk
01:28:37]} {[%emt 00:00:41]} 4. Nc3 {[%clk 01:29:07]} {[%emt 00:00:36]} Bb7
{[%clk 01:28:38]} {[%emt 00:00:28]} 5. d4 {[%clk 01:27:16]} {[%emt 00:02:20]}
cxd4 {[%clk 01:29:02]} {[%emt 00:00:06]} 6. Nxd4 {[%clk 01:27:42]} {[%emt
00:00:04]} d6 {[%clk 01:28:01]} {[%emt 00:01:30]} 7. Be3 {[%clk 01:23:46]}
{[%emt 00:04:26]} Nf6 {[%clk 01:26:51]} {[%emt 00:01:39]} 8. f3 {[%clk
01:23:11]} {[%emt 00:01:07]} e6 {[%clk 01:25:42]} {[%emt 00:01:38]} 9. Qa4+
{[%clk 01:13:06]} {[%emt 00:10:34]} Nbd7 {[%clk 01:22:55]} {[%emt 00:03:17]}
10. Be2 {[%clk 01:08:18]} {[%emt 00:05:18]} Qc7 {[%clk 01:20:27]} {[%emt
00:02:58]} 11. g4 {[%clk 01:05:04]} {[%emt 00:03:45]} h6 {[%clk 01:14:07]}
{[%emt 00:06:50]} 12. O-O-O {[%clk 00:59:15]} {[%emt 00:06:19]} Be7 {[%clk
01:08:32]} {[%emt 00:06:05]} 13. h4 {[%clk 00:56:51]} {[%emt 00:02:54]} O-O-O
{[%clk 01:00:13]} {[%emt 00:08:48]} 14. g5 {[%clk 00:52:48]} {[%emt 00:04:33]}
Nh5 {[%clk 00:56:19]} {[%emt 00:04:25]} 15. Rhg1 {[%clk 00:45:33]} {[%emt
00:07:46]} hxg5 {[%clk 00:53:16]} {[%emt 00:03:32]} 16. hxg5 {[%clk 00:45:30]}
{[%emt 00:00:33]} g6 {[%clk 00:51:45]} {[%emt 00:02:01]} 17. Kb1 {[%clk
00:42:09]} {[%emt 00:03:52]} Kb8 {[%clk 00:46:37]} {[%emt 00:05:38]} 18. b4
{[%clk 00:39:53]} {[%emt 00:02:46]} d5 {[%clk 00:42:23]} {[%emt 00:04:43]} 19.
exd5 {[%clk 00:35:01]} {[%emt 00:05:23]} Qe5 {[%clk 00:40:27]} {[%emt
00:02:26]} 20. Nc6+ {[%clk 00:30:11]} {[%emt 00:05:19]} Bxc6 {[%clk 00:39:59]}
{[%emt 00:00:58]} 21. dxc6 {[%clk 00:30:37]} {[%emt 00:00:05]} Qxc3 {[%clk
00:33:28]} {[%emt 00:07:01]} 22. Qxa6 {[%clk 00:30:55]} {[%emt 00:00:12]} Qxb4+
{[%clk 00:33:35]} {[%emt 00:00:23]} 23. Kc2 {[%clk 00:31:17]} {[%emt 00:00:09]}
Nc5 {[%clk 00:33:36]} {[%emt 00:00:29]} 24. Bxc5 {[%clk 00:31:39]} {[%emt
00:00:06]} bxc5 {[%clk 00:34:03]} {[%emt 00:00:04]} 25. Rb1 {[%clk 00:31:18]}
{[%emt 00:00:51]} 1-0

[Event "Deutsche Ländermeisterschaft 2023"]
[Site "Hannover GER"]
[Date "2023.10.03"]
[Round "5"]
[White "Herter, Arne"]
[Black "Musiolik, David"]
[Result "0-1"]
[Termination "normal"]
[Board "5.3"]
[WhiteElo "2039"]
[BlackElo "2263"]
[WhiteClock "00:23:35"]
[BlackClock "00:57:09"]
[WhiteTeam "Sachsen-Anhalt"]
[BlackTeam "Rheinland-Pfalz"]
[PlyCount "52"]
[WhiteFideId "16255372"]
[BlackFideId "12972355"]
[EventCountry "GER"]
[EventRounds "7"]
[EventType "team-swiss"]
[EventDate "2023.09.30"]

1. e4 {[%clk 01:30:59]} {[%emt 01:44:22]} e6 {[%clk 01:30:52]} {[%emt
00:00:08]} 2. d4 {[%clk 01:31:27]} {[%emt 00:00:03]} d5 {[%clk 01:31:12]}
{[%emt 00:00:09]} 3. Nd2 {[%clk 01:31:53]} {[%emt 00:00:04]} Be7 {[%clk
01:31:35]} {[%emt 00:00:07]} 4. Bd3 {[%clk 01:27:40]} {[%emt 00:04:43]} c5
{[%clk 01:31:43]} {[%emt 00:00:21]} 5. c3 {[%clk 01:27:29]} {[%emt 00:00:42]}
cxd4 {[%clk 01:31:19]} {[%emt 00:00:54]} 6. cxd4 {[%clk 01:27:49]} {[%emt
00:00:09]} dxe4 {[%clk 01:31:35]} {[%emt 00:00:14]} 7. Nxe4 {[%clk 01:27:57]}
{[%emt 00:00:22]} Bd7 {[%clk 01:31:52]} {[%emt 00:00:12]} 8. Nf3 {[%clk
01:26:16]} {[%emt 00:02:12]} Bc6 {[%clk 01:30:50]} {[%emt 00:01:32]} 9. O-O
{[%clk 01:24:45]} {[%emt 00:02:01]} Nf6 {[%clk 01:31:08]} {[%emt 00:00:12]} 10.
Nxf6+ {[%clk 01:23:08]} {[%emt 00:02:08]} Bxf6 {[%clk 01:31:24]} {[%emt
00:00:13]} 11. Be3 {[%clk 01:21:45]} {[%emt 00:01:53]} Nd7 {[%clk 01:27:17]}
{[%emt 00:04:37]} 12. Rc1 {[%clk 01:18:22]} {[%emt 00:03:53]} O-O {[%clk
01:24:46]} {[%emt 00:03:01]} 13. Bb1 {[%clk 01:14:58]} {[%emt 00:03:55]} Rc8
{[%clk 01:20:25]} {[%emt 00:04:51]} 14. Qd3 {[%clk 01:12:51]} {[%emt 00:02:37]}
g6 {[%clk 01:20:40]} {[%emt 00:00:14]} 15. Bh6 {[%clk 01:11:17]} {[%emt
00:02:04]} Re8 {[%clk 01:20:01]} {[%emt 00:01:09]} 16. Rfe1 {[%clk 01:06:18]}
{[%emt 00:05:30]} Qa5 {[%clk 01:11:07]} {[%emt 00:09:24]} 17. a3 {[%clk
00:55:39]} {[%emt 00:11:09]} Qh5 {[%clk 01:08:10]} {[%emt 00:03:27]} 18. Bd2
{[%clk 00:51:52]} {[%emt 00:04:17]} Bxf3 {[%clk 01:07:11]} {[%emt 00:01:28]}
19. Rxc8 {[%clk 00:51:34]} {[%emt 00:00:49]} Rxc8 {[%clk 01:07:16]} {[%emt
00:00:24]} 20. gxf3 {[%clk 00:51:44]} {[%emt 00:00:20]} Rd8 {[%clk 01:05:03]}
{[%emt 00:02:43]} 21. f4 {[%clk 00:41:04]} {[%emt 00:11:12]} Nc5 {[%clk
01:03:11]} {[%emt 00:02:21]} 22. Qc2 {[%clk 00:34:55]} {[%emt 00:06:38]} Bxd4
{[%clk 01:02:26]} {[%emt 00:01:14]} 23. Be3 {[%clk 00:25:59]} {[%emt 00:09:26]}
Bxe3 {[%clk 00:59:22]} {[%emt 00:03:34]} 24. fxe3 {[%clk 00:26:08]} {[%emt
00:00:21]} Ne4 {[%clk 00:57:01]} {[%emt 00:02:52]} 25. Qxe4 {[%clk 00:23:48]}
{[%emt 00:02:49]} Rd2 {[%clk 00:56:52]} {[%emt 00:00:38]} 26. Qh1 {[%clk
00:23:35]} {[%emt 00:00:43]} Qh4 {[%clk 00:57:09]} {[%emt 00:00:13]} 0-1

[Event "Deutsche Ländermeisterschaft 2023"]
[Site "Hannover GER"]
[Date "2023.10.03"]
[Round "5"]
[White "Weber, Nikita"]
[Black "Udelnov, Valentin"]
[Result "1/2-1/2"]
[Termination "normal"]
[Board "5.4"]
[WhiteElo "1865"]
[BlackElo "2054"]
[WhiteClock "01:01:14"]
[BlackClock "00:01:00"]
[WhiteTeam "Rheinland-Pfalz"]
[BlackTeam "Sachsen-Anhalt"]
[PlyCount "66"]
[WhiteFideId "34608770"]
[BlackFideId "16265734"]
[EventCountry "GER"]
[EventRounds "7"]
[EventType "team-swiss"]
[EventDate "2023.09.30"]

1. Nf3 {[%clk 01:30:57]} {[%emt 00:00:02]} Nf6 {[%clk 01:30:54]} {[%emt
00:00:06]} 2. g3 {[%clk 01:31:25]} {[%emt 00:00:02]} g6 {[%clk 01:31:18]}
{[%emt 00:00:06]} 3. Bg2 {[%clk 01:31:54]} {[%emt 00:00:01]} Bg7 {[%clk
01:31:20]} {[%emt 00:00:27]} 4. O-O {[%clk 01:32:19]} {[%emt 00:00:05]} c5
{[%clk 01:29:55]} {[%emt 00:01:56]} 5. c4 {[%clk 01:32:21]} {[%emt 00:00:28]}
Nc6 {[%clk 01:29:47]} {[%emt 00:00:38]} 6. Nc3 {[%clk 01:32:44]} {[%emt
00:00:07]} O-O {[%clk 01:29:28]} {[%emt 00:00:49]} 7. d3 {[%clk 01:32:52]}
{[%emt 00:00:22]} Re8 {[%clk 01:25:43]} {[%emt 00:04:16]} 8. a3 {[%clk
01:33:07]} {[%emt 00:00:15]} d5 {[%clk 01:23:06]} {[%emt 00:03:06]} 9. cxd5
{[%clk 01:33:05]} {[%emt 00:00:33]} Nxd5 {[%clk 01:23:27]} {[%emt 00:00:09]}
10. Bd2 {[%clk 01:32:59]} {[%emt 00:00:36]} e5 {[%clk 01:21:56]} {[%emt
00:02:01]} 11. Rc1 {[%clk 01:32:49]} {[%emt 00:00:40]} Be6 {[%clk 01:10:50]}
{[%emt 00:11:36]} 12. Nxd5 {[%clk 01:32:49]} {[%emt 00:00:30]} Bxd5 {[%clk
01:05:49]} {[%emt 00:05:31]} 13. Rxc5 {[%clk 01:32:42]} {[%emt 00:00:37]} e4
{[%clk 01:01:45]} {[%emt 00:04:34]} 14. dxe4 {[%clk 01:31:34]} {[%emt
00:01:38]} Bxe4 {[%clk 01:01:40]} {[%emt 00:00:34]} 15. b4 {[%clk 01:21:57]}
{[%emt 00:10:07]} b6 {[%clk 00:48:21]} {[%emt 00:13:50]} 16. Rc4 {[%clk
01:11:04]} {[%emt 00:11:23]} Qd5 {[%clk 00:39:30]} {[%emt 00:09:21]} 17. Rxe4
{[%clk 01:11:16]} {[%emt 00:00:18]} Qxe4 {[%clk 00:39:58]} {[%emt 00:00:02]}
18. Nd4 {[%clk 01:11:37]} {[%emt 00:00:09]} Qxd4 {[%clk 00:31:38]} {[%emt
00:08:50]} 19. Bxc6 {[%clk 01:12:05]} {[%emt 00:00:02]} Rad8 {[%clk 00:30:53]}
{[%emt 00:01:15]} 20. Bxe8 {[%clk 01:12:23]} {[%emt 00:00:12]} Qxd2 {[%clk
00:31:01]} {[%emt 00:00:22]} 21. Ba4 {[%clk 01:08:39]} {[%emt 00:04:14]} Bb2
{[%clk 00:27:14]} {[%emt 00:04:16]} 22. Qb3 {[%clk 01:05:13]} {[%emt 00:03:55]}
Qxe2 {[%clk 00:22:45]} {[%emt 00:04:59]} 23. Bb5 {[%clk 01:05:24]} {[%emt
00:00:20]} Qe5 {[%clk 00:21:19]} {[%emt 00:01:56]} 24. Bc4 {[%clk 01:05:42]}
{[%emt 00:00:12]} Rd7 {[%clk 00:19:25]} {[%emt 00:02:24]} 25. a4 {[%clk
01:04:52]} {[%emt 00:01:20]} Bd4 {[%clk 00:19:06]} {[%emt 00:00:49]} 26. Qf3
{[%clk 01:02:46]} {[%emt 00:02:37]} Rc7 {[%clk 00:16:00]} {[%emt 00:03:36]} 27.
Bb3 {[%clk 01:01:07]} {[%emt 00:02:08]} Qe7 {[%clk 00:06:22]} {[%emt 00:10:08]}
28. b5 {[%clk 01:01:18]} {[%emt 00:00:19]} Qc5 {[%clk 00:06:12]} {[%emt
00:00:39]} 29. Kg2 {[%clk 01:01:28]} {[%emt 00:00:20]} Qc3 {[%clk 00:05:04]}
{[%emt 00:01:39]} 30. Qd5 {[%clk 01:01:45]} {[%emt 00:00:12]} Bf6 {[%clk
00:04:39]} {[%emt 00:00:55]} 31. Rd1 {[%clk 01:01:33]} {[%emt 00:00:41]} Kg7
{[%clk 00:04:21]} {[%emt 00:00:48]} 32. Rd3 {[%clk 01:01:51]} {[%emt 00:00:12]}
Qe5 {[%clk 00:04:18]} {[%emt 00:00:32]} 33. Qf3 {[%clk 01:01:14]} {[%emt
00:01:08]} Qc5 {[%clk 00:01:00]} {[%emt 00:03:48]} 1/2-1/2

[Event "Deutsche Ländermeisterschaft 2023"]
[Site "Hannover GER"]
[Date "2023.10.03"]
[Round "5"]
[White "Pohle, Saskia"]
[Black "Müller, Riyanna"]
[Result "1-0"]
[Termination "normal"]
[Board "5.5"]
[WhiteElo "1849"]
[BlackElo "1778"]
[WhiteClock "00:12:19"]
[BlackClock "00:18:52"]
[WhiteTeam "Sachsen-Anhalt"]
[BlackTeam "Rheinland-Pfalz"]
[PlyCount "77"]
[WhiteFideId "16201604"]
[BlackFideId "16287401"]
[EventCountry "GER"]
[EventRounds "7"]
[EventType "team-swiss"]
[EventDate "2023.09.30"]

1. e4 {[%clk 01:30:58]} {[%emt 00:00:02]} d5 {[%clk 01:30:53]} {[%emt
00:00:07]} 2. exd5 {[%clk 01:31:23]} {[%emt 00:00:05]} Qxd5 {[%clk 01:31:18]}
{[%emt 00:00:06]} 3. Nc3 {[%clk 01:31:46]} {[%emt 00:00:06]} Qd6 {[%clk
01:31:41]} {[%emt 00:00:07]} 4. d4 {[%clk 01:31:59]} {[%emt 00:00:17]} Nf6
{[%clk 01:31:59]} {[%emt 00:00:12]} 5. Nf3 {[%clk 01:31:53]} {[%emt 00:00:36]}
c6 {[%clk 01:31:33]} {[%emt 00:00:57]} 6. Bc4 {[%clk 01:26:34]} {[%emt
00:05:49]} Bg4 {[%clk 01:28:05]} {[%emt 00:03:57]} 7. Be3 {[%clk 01:26:47]}
{[%emt 00:00:17]} e6 {[%clk 01:28:15]} {[%emt 00:00:20]} 8. h3 {[%clk
01:26:56]} {[%emt 00:00:22]} Bxf3 {[%clk 01:27:42]} {[%emt 00:01:02]} 9. Qxf3
{[%clk 01:27:16]} {[%emt 00:00:09]} Be7 {[%clk 01:26:59]} {[%emt 00:01:14]} 10.
O-O {[%clk 01:22:13]} {[%emt 00:05:33]} O-O {[%clk 01:26:24]} {[%emt 00:01:05]}
11. a4 {[%clk 01:20:51]} {[%emt 00:01:52]} a5 {[%clk 01:25:52]} {[%emt
00:01:02]} 12. Rad1 {[%clk 01:20:41]} {[%emt 00:00:40]} Qd8 {[%clk 01:25:03]}
{[%emt 00:01:19]} 13. Rfe1 {[%clk 01:19:07]} {[%emt 00:02:04]} Nbd7 {[%clk
01:25:02]} {[%emt 00:00:30]} 14. Bb3 {[%clk 01:16:44]} {[%emt 00:02:54]} Nb6
{[%clk 01:24:53]} {[%emt 00:00:39]} 15. Bg5 {[%clk 01:10:02]} {[%emt 00:07:13]}
h6 {[%clk 01:20:02]} {[%emt 00:05:21]} 16. Bc1 {[%clk 01:10:16]} {[%emt
00:00:15]} Nbd5 {[%clk 01:19:51]} {[%emt 00:00:41]} 17. Ne2 {[%clk 01:03:07]}
{[%emt 00:07:39]} Rc8 {[%clk 01:14:56]} {[%emt 00:05:25]} 18. Ng3 {[%clk
01:02:48]} {[%emt 00:00:49]} Rc7 {[%clk 01:07:05]} {[%emt 00:08:21]} 19. c3
{[%clk 00:59:57]} {[%emt 00:03:21]} b5 {[%clk 00:53:36]} {[%emt 00:13:58]} 20.
Bc2 {[%clk 00:54:24]} {[%emt 00:06:02]} Qb8 {[%clk 00:49:43]} {[%emt 00:04:12]}
21. Qd3 {[%clk 00:48:18]} {[%emt 00:06:47]} Rd8 {[%clk 00:45:08]} {[%emt
00:05:05]} 22. Nh5 {[%clk 00:45:01]} {[%emt 00:03:48]} bxa4 {[%clk 00:41:14]}
{[%emt 00:04:24]} 23. c4 {[%clk 00:35:32]} {[%emt 00:10:00]} Nb4 {[%clk
00:40:20]} {[%emt 00:01:22]} 24. Nxf6+ {[%clk 00:35:45]} {[%emt 00:00:18]} Bxf6
{[%clk 00:40:04]} {[%emt 00:00:46]} 25. Qh7+ {[%clk 00:36:09]} {[%emt
00:00:06]} Kf8 {[%clk 00:40:05]} {[%emt 00:00:29]} 26. Bf4 {[%clk 00:31:47]}
{[%emt 00:04:51]} Nxc2 {[%clk 00:38:27]} {[%emt 00:02:08]} 27. Bd6+ {[%clk
00:27:16]} {[%emt 00:05:02]} Ke8 {[%clk 00:37:13]} {[%emt 00:01:43]} 28. Bxc7
{[%clk 00:26:24]} {[%emt 00:01:23]} Qxc7 {[%clk 00:37:38]} {[%emt 00:00:04]}
29. Qxc2 {[%clk 00:26:46]} {[%emt 00:00:08]} Bxd4 {[%clk 00:37:18]} {[%emt
00:00:51]} 30. Qxa4 {[%clk 00:20:25]} {[%emt 00:06:50]} Bxb2 {[%clk 00:28:37]}
{[%emt 00:09:11]} 31. Rxd8+ {[%clk 00:16:36]} {[%emt 00:04:19]} Kxd8 {[%clk
00:28:46]} {[%emt 00:00:20]} 32. Rd1+ {[%clk 00:16:28]} {[%emt 00:00:39]} Ke8
{[%clk 00:26:59]} {[%emt 00:02:16]} 33. c5 {[%clk 00:15:39]} {[%emt 00:01:19]}
Be5 {[%clk 00:26:04]} {[%emt 00:01:16]} 34. Rb1 {[%clk 00:14:50]} {[%emt
00:01:29]} Bc3 {[%clk 00:25:21]} {[%emt 00:01:12]} 35. Rb6 {[%clk 00:14:25]}
{[%emt 00:00:56]} Kd7 {[%clk 00:24:30]} {[%emt 00:01:22]} 36. Qd1+ {[%clk
00:14:05]} {[%emt 00:00:50]} Ke7 {[%clk 00:24:23]} {[%emt 00:00:35]} 37. Qf3
{[%clk 00:14:02]} {[%emt 00:00:34]} Bb4 {[%clk 00:19:30]} {[%emt 00:05:23]} 38.
Rxc6 {[%clk 00:12:39]} {[%emt 00:01:53]} Qa7 {[%clk 00:18:52]} {[%emt
00:01:08]} 39. Qf4 {[%clk 00:12:19]} {[%emt 00:00:50]} 1-0